00566nam a22001937a 45000010005000000030006000050050017000110080041000280400029000690500008000981000022001062450036001282600060001643000059002245050008002835210029002915210020003207000032003407692FISKH20250731110853.0250731b cb ||||| |||| 00| 0 eng d aFISKHbengcFISKHdFISKH aPZ7 aDeJong , Meindert aTornado! / cBy Meindert DeJong aChicago : bScience Research Associates, Inc., c1970.  a30 unnumbered pages : bcolor illustrations ;c21 cm . aK 8 a510 bLexile estimate 8 aK bRaz-Plus  aKamen, Gloria eIllustrator